000 00334nam a22001457a 4500
008 250422b ||||| |||| 00| 0 eng d
020 _a9780716760368
041 _aeng
080 _21996
_a101LEW
082 _2101LEW
_a101LEW
100 _a42
101 _aFILO
245 _aPATTERNS IN EVOLUTION
_cROGER LEWIN
942 _2udc
_cBK
999 _c60683
_d60683